000 00667nam a22002177a 4500
005 20240607094945.0
008 240607b |||||||| |||| 00| 0 eng d
020 _a9780470686386
082 _a616.01
_bBOR-T
100 _aBorriello;Peter ,S
245 _aTopley&Wilson's Microbiology & Microbial Infections ;
_bBacteriology /
_cBorriello;Peter ,S, Patrick R, Murray,Guido Funke
250 _a10th ed.
260 _aUK;
_bJohn wiley;
_c2009.
300 _avii ;897p.
_bill;
_c27cm.
490 _vvol 1.
500 _aInclude index .
650 _aMedical / Microbiology
700 _aPatrick R, Murray,
700 _aMurray,Guido Funke
999 _c35864
_d35864